|
|
|
|
| LEADER |
00552nam a22001331a 4500 |
| 082 |
|
|
|a PSV 181.482
|b SUN/R
|
| 100 |
|
|
|a Suneendra A C
|9 4149
|
| 245 |
|
|
|a Refutation of purvapaksas in brahmasutrasankara bhasya-a conceptual evaluation
|
| 260 |
|
|
|a Kalady
|b Sree Sankaracharya University of Sanskrit
|c 2010
|
| 300 |
|
|
|a 334p.
|
| 856 |
|
|
|u http://hdl.handle.net/10603/5767
|
| 942 |
|
|
|c PHDT
|
| 999 |
|
|
|c 37826
|d 37826
|
| 952 |
|
|
|0 0
|1 0
|4 0
|6 R_PSV_181_482000000000000_SUN_R
|7 0
|9 54753
|a SSUS
|b SSUS
|c REF
|d 2015-01-08
|g 0.00
|o R PSV 181.482 SUN/R
|p TH0289
|r 2015-01-08
|v 0.00
|w 2015-01-08
|y PHDT
|